<?xml version="1.0" encoding="UTF-8"?><?xml-stylesheet type="text/xsl" href="static/style.xsl"?><OAI-PMH xmlns="http://www.openarchives.org/OAI/2.0/" xmlns:xsi="http://www.w3.org/2001/XMLSchema-instance" xsi:schemaLocation="http://www.openarchives.org/OAI/2.0/ http://www.openarchives.org/OAI/2.0/OAI-PMH.xsd"><responseDate>2026-04-13T02:03:52Z</responseDate><request verb="GetRecord" identifier="oai:www.recercat.cat:10459.1/467859" metadataPrefix="marc">https://recercat.cat/oai/request</request><GetRecord><record><header><identifier>oai:recercat.cat:10459.1/467859</identifier><datestamp>2025-09-15T18:51:09Z</datestamp><setSpec>com_2072_3622</setSpec><setSpec>col_2072_479130</setSpec></header><metadata><record xmlns="http://www.loc.gov/MARC21/slim" xmlns:dcterms="http://purl.org/dc/terms/" xmlns:xsi="http://www.w3.org/2001/XMLSchema-instance" xmlns:doc="http://www.lyncode.com/xoai" xsi:schemaLocation="http://www.loc.gov/MARC21/slim http://www.loc.gov/standards/marcxml/schema/MARC21slim.xsd">
   <leader>00925njm 22002777a 4500</leader>
   <datafield ind2=" " ind1=" " tag="042">
      <subfield code="a">dc</subfield>
   </datafield>
   <datafield ind2=" " ind1=" " tag="720">
      <subfield code="a">Palma, Osvaldo</subfield>
      <subfield code="e">author</subfield>
   </datafield>
   <datafield ind2=" " ind1=" " tag="720">
      <subfield code="a">Pla Aragonés, Lluís Miquel</subfield>
      <subfield code="e">author</subfield>
   </datafield>
   <datafield ind2=" " ind1=" " tag="720">
      <subfield code="a">Mac Cawley, Alejandro</subfield>
      <subfield code="e">author</subfield>
   </datafield>
   <datafield ind2=" " ind1=" " tag="720">
      <subfield code="a">Albornoz, Víctor M.</subfield>
      <subfield code="e">author</subfield>
   </datafield>
   <datafield ind2=" " ind1=" " tag="260">
      <subfield code="c">2025</subfield>
   </datafield>
   <datafield ind2=" " ind1=" " tag="520">
      <subfield code="a">This study provides a comprehensive scoping review with the aim of determining the mathematical methods applied to dairy cow replacements that will serve as a basis for future research in this field. In the WOS and Scopus databases, a search was carried out for peer-reviewed, English articles, where a process of discarding those that did not address the topic related to our objective was carried out, and where the titles, keywords, and full text were reviewed sequentially. We obtained a total of 40 selected articles. Dynamic programming is the most commonly used optimization technique, present in 58% of the studies, followed by stochastic simulation in 40%, and deterministic simulation in 8%. Machine learning methods or hybrid approaches are applied in only 5% of the cases. The review identifies milk production as the most frequently used response variable, appearing in at least 58% of the studies, and profit as the primary economic indicator, utilized in 78% of the cases. This research underscores the importance of these methods in improving the efficiency, profitability, and sustainability of dairy farming operations. Future research could address the inclusion in models of diseases and animal characteristics that have not yet been considered, as well as expand the scarce use of machine learning tools and the hybridization of such models with statistical ones.</subfield>
   </datafield>
   <datafield ind2=" " ind1=" " tag="520">
      <subfield code="a">Alejandro Mac Cawley acknowledges the financial support from ANID-FONDECYT 1250752.</subfield>
   </datafield>
   <datafield tag="653" ind2=" " ind1=" ">
      <subfield code="a">Dairy</subfield>
   </datafield>
   <datafield tag="653" ind2=" " ind1=" ">
      <subfield code="a">Milk</subfield>
   </datafield>
   <datafield tag="653" ind2=" " ind1=" ">
      <subfield code="a">Replacement</subfield>
   </datafield>
   <datafield tag="653" ind2=" " ind1=" ">
      <subfield code="a">Optimization</subfield>
   </datafield>
   <datafield ind2="0" ind1="0" tag="245">
      <subfield code="a">Mathematical methods applied to the problem of dairy cow replacements: a scoping review</subfield>
   </datafield>
</record></metadata></record></GetRecord></OAI-PMH>